| 000 | 00631nam a2200217 a 4500 | ||
|---|---|---|---|
| 999 |
_c3514 _d3514 |
||
| 001 | 3514 | ||
| 003 | BD-JhCC | ||
| 005 | 20171114183612.0 | ||
| 008 | 171114s1964 bg |||| ||a| 000 0 ben d | ||
| 035 | _a(BD-JhCC)3514 | ||
| 040 |
_aBD-JhCC _dBD-JhCC |
||
| 041 | _aben | ||
| 082 |
_a923.1 _bMIA 1964 |
||
| 100 | _aমিয়া, বন্দে আলী | ||
| 245 |
_aছোটদের ঈসা খাঁ / _cবন্দে আলী মিয়া, |
||
| 260 |
_aঢাকা : _bআহমদ পাবলিশিং, _c1964 |
||
| 300 |
_a47 p. : _c17 cm. |
||
| 650 | _aBiography | ||
| 942 |
_2ddc _cBK |
||